Największe miasta w Wielkiej Brytanii zawierające literę - Statystyki

Ogólne statystyki
  • Ten quiz został rozwiązany 265 razy
  • Średni wynik to 18 z 26
Statystyki odpowiedzi
Litera Miasto % Poprawnych
D Londyn
100%
L Londyn
100%
N Londyn
100%
O Londyn
100%
Y Londyn
100%
P Liverpool
89%
V Liverpool
89%
C Manchester
85%
T Manchester
85%
S Glasgow
79%
W Glasgow
79%
A Birmingham
77%
B Birmingham
77%
G Birmingham
77%
H Birmingham
77%
I Birmingham
77%
M Birmingham
77%
R Birmingham
77%
U Edynburg
76%
E Leeds
56%
X Oxford / Exeter
39%
F Sheffield
34%
K Kingston upon Hull
11%
Q Torquay
2%
J Jarrow
1%
Z Penzance
0%
Nie znaleziono quizów pasujących do podanych kryteriów
Rozkład punktacji
Procent ludzi z każdym wynikiem
Percentyl według liczby udzielonych odpowiedzi
Twoja historia wyników
Nie rozwiązałeś tego quizu